Vymáhání splatných pohledávek Finančně majetkové metody

Metódy, používané k vymáhaniu splatných pohľadávok. Použitie finančno-majetkovej metódy. Metóda posunutia termínov splatnosti pohľadávok, redukcie pohľadávok, kapitalizácie pohľadávok.

Salvato in:
Dettagli Bibliografici
Autore principale: Smrčka, J.
Natura: Capitolo di libro
Lingua:ceco
Soggetti:
Tags: Aggiungi Tag
Nessun Tag, puoi essere il primo ad aggiungerne!!

MARC

LEADER 00000naa a2200000 4500
001 r022971
005 20230922083637.7
041 0 |a cze 
044 |a CZ 
245 1 0 |a Vymáhání splatných pohledávek  |b Finančně majetkové metody  |c J. Smrčka 
520 |a Metódy, používané k vymáhaniu splatných pohľadávok. Použitie finančno-majetkovej metódy. Metóda posunutia termínov splatnosti pohľadávok, redukcie pohľadávok, kapitalizácie pohľadávok. 
610 2 0 |a pohľadávky 
610 2 0 |a firmy 
610 2 0 |a záväzky 
610 2 0 |a vyrovnanie 
100 1 |a Smrčka, J.